000 00320nam a22001337a 4500
008 170712b xxu||||| |||| 00| 0 eng d
020 _a0395296056
041 _aeng
080 _a038
100 _a23
101 _aFJA
245 _aROGETS THE NEW THESAURUS THE AMERICAN DICTIONARY
_cMIFLIN.H
942 _2udc
_cBK
999 _c20387
_d20387